000 03649nam0a2200421 4500
001 RU\NLR\BIBL_A\012570064
005 20241028122409.0
010 _a978-5-91326-608-8
_9100
021 _aRU
_bКН-П-21-018269
_9КН-П-21-1423
035 _a(NLR Aleph) 012570064
090 _a12488328
_c12488328
100 _a20210726d2020 k y0rusy50 ca
101 0 _arus
_aeng
_deng
_drus
102 _aRU
105 _aab z 000yy
181 0 _ai
_baxxe
182 0 _an
200 1 _aПространства историй и истории пространств: метаморфозы восприятия, присвоение, созидание
_dSpaces of histories and histories of spaces: metamorphoses of perception, acquirement, creation
_eматериалы международной научной конференции (XVI чтения памяти профессора Николая Петровича Соколова), Нижний Новгород, 16-17 ноября 2018 г.
_fМинистерство науки и высшего образования Российской Федерации, Национальный исследовательский Нижегородский государственный университет им. Н.И. Лобачевского
_gпод ред. А.Н. Маслова и А.В. Махлаюка
_zeng
203 _aТекст
_bвизуальный
_cнепосредственный
210 _aНижний Новгород
_cИзд-во Нижегородского госуниверситета
_d2020
215 _a241, [1] с.
_cцв. ил., карт.
_d21
300 _aНа концевой тит. с. загл.: Материалы международной научной конференции "Пространства историй и истории пространств: метаморфозы восприятия, присвоение, созидание" (XVI чтения памяти профессора Николая Петровича Соколова)
300 _aТекст и рез. докл. на рус. и англ. яз.
320 _aБиблиогр. в конце докл.
510 1 _aSpaces of histories and histories of spaces: mrtamorphoses of erception, acquirement, creation
_zeng
517 1 _aМатериалы международной научной конференции "Пространства историй и истории пространств: метаморфозы восприятия, присвоение, созидание" (XVI чтения памяти профессора Николая Петровича Соколова)
606 1 _aИсторическая память
_yЕвропейские страны
_jСъезды, совещания и т.п
_2nlr_sh2
_3RU\NLR\AUTH\6601662430
686 1 _aТ3(0)0-72я431
686 1 _aТ3(0)в.я431
702 1 _aМаслов
_bА. Н.
_cканд. ист. наук
_f1976-
_gАртем Николаевич
_3RU\NLR\AUTH\77122312
_4340
711 1 2 _aЧтения памяти Н. П. Соколова
_d16
_f2018
_eНижний Новгород
_3RU\NLR\AUTH\880547984
712 0 2 _aНациональный исследовательский Нижегородский государственный университет им. Н. И. Лобачевского
_3RU\NLR\AUTH\880617520
_4475
942 _cBOOK
980 _aNBR
980 _aNB